Atakan ile beraber lunaparka gidiyorum (Kayıt no. 11232)

MARC ayrıntıları
000 -BAŞLIK
Sabit Uzunluktaki Kontrol Alanı 00533nam a22001937a 4500
003 - KONTROL NUMARASI KİMLİĞİ
Kontrol Alanı koha_MIRAKIL
005 - EN SON İŞLEM TARİHİ ve ZAMANI
Kontrol Alanı 20231213095909.0
008 - SABİT UZUNLUKTAKİ VERİ ÖGELERİ - GENEL BİLGİ
Sabit Alan 231213b |||||||| |||| 00| 0 ||| d
020 ## - ISBN - ULUSLARARASI STANDART KİTAP NUMARASI
-- 978-9-75256181-6
040 ## - KATALOGLAMA KAYNAĞI
Özgün Kataloglama Kurumu TR-IsEVY
Kataloglama Dili tur
Çeviri Kurumu TR-IsEVY
082 ## - DEWEY ONU SINIFLAMA SİSTEMİ
Sınıflama Numarası FIC ROG/A
100 ## - KİŞİ ADI
Yazar Adı (Kişi adı) Rogeon, Sandrine Deredel.
245 #0 - ESER ADI BİLDİRİMİ
Başlık Atakan ile beraber lunaparka gidiyorum
260 ## - YAYIN, DAĞITIM, VB.
Yayınevi Kaknüs,
300 ## - FİZİKSEL TANIMLAMA
Sayfa, Cilt vb. 12 s.
650 ## - KONU BAŞLIĞI EK GİRİŞ - KONU TERİMİ
Konusal terim veya coğrafi ad Children's literature -- Short stories.
650 ## - KONU BAŞLIĞI EK GİRİŞ - KONU TERİMİ
Konusal terim veya coğrafi ad Çocuk edebiyatı -- Hikayeler.
942 ## - EK GİRİŞ ÖGELERİ (KOHA)
Source of classification or shelving scheme Dewey Decimal Classification
Koha item type Kitap
Mevcut
Kayıp Durumu Sınıflandırma Kaynağı Hasarlı Durumu Kalıcı Konum Mevcut Konum Kayıt Tarih Edinim Kaynağı Yer Numarası Demirbaş Numarası Son Görülme Tarihi Fatura Tarihi Materyal Türü
  Dewey Decimal Classification   İLKOKUL KÜTÜPHANESİ İLKOKUL KÜTÜPHANESİ 17/09/2015 Satınalma FIC ROG/A 11721 13/12/2023 17/09/2015 Kitap